Statistics for Which State..?

Click here to take the quiz!

General Stats

  • This quiz has been taken 37 times
  • The average score is 8 of 9

Answer Stats

Answer% Correct
Alaska
100%
Rhode Island
100%
Texas
97%
California
94%
Wyoming
91%
New Jersey
76%
Tennessee
76%
Missouri
68%
Delaware
65%

Score Distribution

Percentile by Number Answered

Percent of People with Each Score

Your Score History

You have not taken this quiz